LEADER 00000nam a2200000 i 4500
001 115450
003 CZ ZlUTB
005 20260407141759.0
007 ta
008 251126s2025 xr f 000 0 cze
015 |a cnb003721927 
020 |a 978-80-7502-842-6  |q (brožováno) 
040 |a ABA001  |b cze  |e rda 
041 0 |a cze  |b eng 
043 |a a------  |a f------ 
072 7 |a 342  |x Ústavní právo. Správní právo  |2 Konspekt  |9 16 
080 |a 321:34  |2 MRF 
080 |a 321.01  |2 MRF 
080 |a 28-74  |2 MRF 
080 |a 342  |2 MRF 
080 |a 321.727+342.37  |2 MRF 
080 |a 32  |2 MRF 
080 |a (5-15)+(6-17)  |2 MRF 
080 |a (048.8)  |2 MRF 
100 1 |a Osina, Petr,  |d 1975-  |7 xx0013929  |4 aut 
245 1 0 |a Stát a moc v islámské právní kultuře /  |c Petr Osina 
250 |a Vydání první 
264 1 |a Praha :  |b Leges,  |c 2025 
300 |a 279 stran ;  |c 21 cm 
336 |a text  |b txt  |2 rdacontent 
337 |a bez média  |b n  |2 rdamedia 
338 |a svazek  |b nc  |2 rdacarrier 
490 1 |a Teoretik 
504 |a Obsahuje bibliografii a bibliografické odkazy 
546 |a Anglické resumé 
650 0 7 |a stát a právo  |7 ph307597  |z islámské země  |2 czenas 
650 0 7 |a politická moc  |7 ph115788  |z islámské země  |2 czenas 
650 0 7 |a islámské právo  |7 ph121220  |z islámské země  |2 czenas 
650 0 7 |a islámské právo  |7 ph121220  |x politické aspekty  |2 czenas 
650 0 7 |a ústavní právo  |7 ph116908  |z islámské země  |2 czenas 
650 0 7 |a ústavní právo  |7 ph116908  |x politické aspekty  |2 czenas 
650 0 7 |a konstitucionalismus  |7 ph121806  |z islámské země  |2 czenas 
650 0 7 |a státověda  |7 ph116312  |z islámské země  |2 czenas 
650 0 9 |a state and law  |z Islamic countries  |2 eczenas 
650 0 9 |a political power  |z Islamic countries  |2 eczenas 
650 0 9 |a Islamic law  |z Islamic countries  |2 eczenas 
650 0 9 |a Islamic law  |x political aspects  |2 eczenas 
650 0 9 |a constitutional law  |z Islamic countries  |2 eczenas 
650 0 9 |a constitutional law  |x political aspects  |2 eczenas 
650 0 9 |a constitutionalism  |z Islamic countries  |2 eczenas 
650 0 9 |a theory of the state  |z Islamic countries  |2 eczenas 
655 7 |a monografie  |7 fd132842  |2 czenas 
655 9 |a monographs  |2 eczenas 
710 2 |a Nakladatelství Leges  |7 xx0226857  |4 pbl 
830 0 |a Teoretik 
910 |a ZLD002 
942 |2 udc 
952 |0 0  |1 0  |4 0  |6 34OSINAP  |7 -1  |8 BOOK  |9 190658  |a UTBZL  |b UTBZL  |c 005  |d 2026-04-07  |l 0  |o 34/OSINA,P.  |p 420010201908  |r 2026-04-07 14:18:34  |v 560.00  |w 2026-04-07  |x N:nákup  |y 01 
992 |a BK  |b SKNEW 
999 |c 115450  |d 115450